ARRUPE JESUIT UNIVERSITY

CORONAVIRUS -STOP THE SPREAD - CLEAN,DISINFECT,COVER

Treasury of world philosophy (Record no. 59478)

MARC details
000 -LEADER
fixed length control field 00515nam a2200205Ia 4500
003 - CONTROL NUMBER IDENTIFIER
control field 0100
008 - FIXED-LENGTH DATA ELEMENTS--GENERAL INFORMATION
fixed length control field 130303s9999 xx 000 0 und d
040 ## - CATALOGING SOURCE
Transcribing agency ARRUPELIB
050 ## - LIBRARY OF CONGRESS CALL NUMBER
Classification number B72.R77
300 ## - PHYSICAL DESCRIPTION
Other physical details 21cm
245 ## - TITLE STATEMENT
Title Treasury of world philosophy
260 ## - PUBLICATION, DISTRIBUTION, ETC. (IMPRINT)
Place of publication, distribution, etc New Jersey
260 ## - PUBLICATION, DISTRIBUTION, ETC. (IMPRINT)
Name of publisher, distributor, etc Littlefield, Adams and Company
260 ## - PUBLICATION, DISTRIBUTION, ETC. (IMPRINT)
-- 1959
300 ## - PHYSICAL DESCRIPTION
Extent 1270p.
440 ## - SERIES STATEMENT/ADDED ENTRY--TITLE
Title New Students Outline Series
650 ## - SUBJECT ADDED ENTRY--TOPICAL TERM
Topical term following geographic name as entry element Jesuits-Canada-Biography
700 ## - ADDED ENTRY--PERSONAL NAME
Personal name Runes, Dagobert David (ed.)
942 ## - ADDED ENTRY ELEMENTS (KOHA)
Source of classification or shelving scheme Library of Congress Classification
Koha issues (borrowed), all copies 1
Holdings
Withdrawn status Lost status Source of classification or shelving scheme Damaged status Not for loan Collection code Home library Current library Shelving location Date acquired Total Checkouts Full call number Barcode Date last seen Date checked out Copy number Price effective from Koha item type
    Library of Congress Classification     Main Collection ARRUPE LIBRARY ARRUPE LIBRARY   05/03/2013 1 B72.R77 46003090453 21/02/2014 13/02/2014 1 05/03/2013 Monograph ( Printed materials)

 

Arrupe Library. PO Box MP320 Mt Pleasant, Harare, Zimbabwe
263 242 745411|librarian@aju.ac.zw